Loading...
| MB | 3 | 7 | 0 | 0 | 115 | 18 | 90.10 | 3 | 10 | 0.00 | 0.00 |
| AG | 2 | 2 | 0 | 0 | 50 | 30 | 81.00 | 2 | 4 | 0.00 | 0.00 |
| RC | 0 | 5 | 0 | 1 | 50 | 73 | 101.20 | 0 | 2 | 0.00 | 0.00 |
| BB | 0 | 4 | 0 | 4 | 40 | 123 | 135.75 | 0 | 2 | 0.00 | 0.00 |
| 0 | 2 | 0 | 0 | 20 | 112 | 122.00 | 1 | 2 | 0.00 | 0.00 | |
| AR | 0 | 2 | 0 | 0 | 20 | 86 | 106.00 | 1 | 2 | 0.00 | 0.00 |
| AW | 0 | 1 | 0 | 1 | 10 | 128 | 128.00 | 0 | 1 | 0.00 | 0.00 |
| AK | 0 | 1 | 0 | 1 | 10 | 155 | 155.00 | 0 | 0 | 0.00 | 0.00 |
| DM | 0 | 1 | 1 | 1 | 5 | 133 | 133.00 | 0 | 1 | 0.00 | 0.00 |
| RR | 0 | 1 | 1 | 1 | 5 | 130 | 130.00 | 0 | 1 | 0.00 | 0.00 |
| MB | Kongo kingdom | 15 | 18 |
| AG | Octavio Paz | 15 | 30 |
| RR | Lou Reed | -5 | 36 |
| MB | the Moon | 15 | 52 |
| AG | landlords | 15 | 52 |
| DM | Obama family | -5 | 64 |
| RC | Frida Kahlo | 10 | 73 |
| RC | Nostromo: A Tale of the Seaboard | 10 | 78 |
| MB | the Netherlands | 15 | 79 |
| MB | Junichiro Tanizaki | 10 | 85 |